Name the Computer Parts - Statistics

General Stats
  • This quiz has been taken 118 times
  • The average score is 5 of 7
Answer Stats
Answer % Correct
CPU
97%
GPU
91%
RAM
88%
Motherboard
87%
Case
66%
Storage
45%
PSU (Power Supply)
2%
No matching quizzes found
Score Distribution
Percent of People with Each Score
Percentile by Number Answered
Your Score History
You have not taken this quiz